| 000 | 00892nam a2200277Ia 4500 | ||
|---|---|---|---|
| 001 | Z_1949 | ||
| 003 | CHAP | ||
| 008 | 220113s1996 xx 000 0 und d | ||
| 010 | _a163559 | ||
| 040 | _cCHAP | ||
| 090 | _aTesis B 1179 | ||
| 100 |
_aBuitrón Beiza, José _916010 |
||
| 245 |
_aProducción y utilización de la remolacha forrajera (Beta vulgaris L.) en Tlahúac y Xochimilco, D. F. / _cpor José Buitrón Beiza Y Octavio Apolo Cifuentes Mazzola |
||
| 260 |
_aChapingo, Méx. : _bEl autor, _c1996 |
||
| 300 | _a62 h. | ||
| 440 | _a | ||
| 502 | _aTesis (Ing. Agr. Esp. en Zootecnia) -- UACH. Departamento de Zootecnia | ||
| 503 | _a | ||
| 650 |
_aRemolacha azucarera I. UACH. Departamento de Zootecnia II. t. III. Cifuentes Mazzola, Octavio Apolo _9137724 |
||
| 901 | _aTesis B 1179 | ||
| 902 | _aA | ||
| 910 | _a1996 | ||
| 942 | _c2 | ||
| 942 | _c2 | ||
| 999 |
_c163559 _d163559 |
||